Szczegóły MARC21

Dzieci nieposłuszne w środowisku domowem /

003 -Nazwa inst., której nr kontr. jest w polu 001 [,]
    • @
    • Nazwa instytucji, której n kontrolny jest w polu 001
    • NUKAT
005 -DATA I CZAS OSTATNIEJ MODYFIKACJI [,]
    • @
    • pole kontrolne
    • 20241231103203.0
040 -Instytucja sporządzająca opis [ , ]
    • a
    • Instytucja, która sporządziła opis (NP)
    • LUBL KUL/PF
    • b
    • Język katalogowania
    • pol
    • e
    • Zasady katalogowania
    • rda
    • c
    • Instytucja, która sporządziła rekord (NP)
    • LUBL KUL/PFs
    • d
    • Instytucja, która zmodyfikowała rekord (P)
    • LUBL KUL/ALT
942 -Rodzaj dokumentu [ , ]
    • c
    • Rodzaj dokumentu
    • Książka
100 -Hasło główne - nazwa osobowa [1, ]
    • a
    • Nazwa osobowa (NP)
    • Razwiłowska, S.
    • e
    • Rodzaj współpracy
    • Autor
    • 9
    • KHW
    • 582176
245 -Strefa tytułu i oznaczenia odpowiedzialności [1,0]
    • a
    • Tytuł
    • Dzieci nieposłuszne w środowisku domowem / Find
    • c
    • Pozostałe elementy strefy tytułu i oznaczenia odpowiedzialności (NP)
    • S. Razwiłowska.
246 -Wariant tytułu [3, ]
    • a
    • Tytuł (NP)
    • Dzieci nieposłuszne w środowisku domowym
260 -Strefa adresu wydawniczego [ , ]
    • a
    • Miejsce wydania (P)
    • Warszawa :
    • b
    • Nazwa wydawcy (P)
    • Gebethner i Wolff,
    • c
    • Data wydania (P)
    • 1936
    • e
    • Miejsce druku (NP)
    • (Warszawa :
    • f
    • Nazwa drukarni (P)
    • "Monolit").
300 -Strefa opisu fizycznego [ , ]
    • a
    • Określenie formy książki i/lub objętość (NP)
    • 47, [1] strona ;
    • c
    • Format (NP)
    • 21 cm.
336 -Typ zawartości [ , ]
    • a
    • Termin opisujący typ zawartości
    • Tekst
    • b
    • Kod określający zawartość
    • txt
    • 2
    • Źródło (terminu i kodu)
    • rdacontent
337 -Typ mediów [ , ]
    • a
    • Tryb odtwarzania
    • Bez urządzenia pośredniczącego
    • b
    • Kod typu mediów
    • n
    • 2
    • Źródło (terminu i kodu)
    • rdamedia
338 -Typ/rodzaj nośnika [ , ]
    • a
    • Hasło opisujące typ nośnika
    • Wolumin
    • b
    • Kod typu nośnika
    • nc
    • 2
    • Źródło (terminu i kodu)
    • rdacarrier
510 -Uwaga dot. cytaty bibliograficznej [3, ]
    • a
    • Nazwa źródła
    • BNPol online
080 -Uniwersalna Klasyfikacja Dziesiętna [ , ]
    • 2
    • Identyfikator wydania tablic
    • UDC-P058
    • 9
    • UKD
    • 2416
    • a
    • Symbol klasyfikacji
    • 159.922
    • b
    • Dopowiedzenie
    • Właściwości życia psychicznego. Świadomość. Psychologia rozwojowa.
    • 4
    • UKD2
    • 8130
    • x
    • Poddział wspólny
    • -053.2
    • c
    • Dopowiedzenie poddz. wspólnego
    • -Dzieci ogólnie.
080 -Uniwersalna Klasyfikacja Dziesiętna [ , ]
    • 2
    • Identyfikator wydania tablic
    • UDC-P058
    • 9
    • UKD
    • 3837
    • a
    • Symbol klasyfikacji
    • 37.015.3
    • b
    • Dopowiedzenie
    • Psychologia pedagogiczna. Psychologia wychowawcza.
    • 4
    • UKD2
    • 8130
    • x
    • Poddział wspólny
    • -053.2
    • c
    • Dopowiedzenie poddz. wspólnego
    • -Dzieci ogólnie.
650 -Hasło przedmiotowe [ ,7]
    • a
    • Hasło przedmiotowe
    • Wychowanie w rodzinie
    • y
    • Określnik chronologiczny
    • 1900-1945.
    • 2
    • Źródło terminu
    • kaba
    • 9
    • KHW
    • 582429
650 -Hasło przedmiotowe [ ,7]
    • a
    • Hasło przedmiotowe
    • Posłuszeństwo.
    • 2
    • Źródło terminu
    • kaba
    • 9
    • KHW
    • 125287
980 -Symbol UKD [ , ]
    • a
    • UKD
    • 159.922:37.015.3]-053.2
710 -Hasło dodatkowe - nazwa ciała zbiorowego [2, ]
    • a
    • Nazwa ciała zbiorowego lub nazwa geograficzna jako pierwszy element (NP)
    • Gebethner i Wolff.
    • e
    • Rodzaj współpracy
    • Wydawca
    • 4
    • Kod relacji
    • pbl
    • 9
    • KHW
    • 507655
Numer inwentarzowy Status udost. Lokalizacja Data inwentaryzacji
Pd.194251BG2008-05-30